Statistics for cell death and cell cycle

Click here to take the quiz!

General Stats

  • This quiz has been taken 4 times
  • The average score is 5 of 10

Answer Stats

questionAnswer% Correct
programmed cell deathapoptosis
100%
at what phase of mitosis does the mitotic spindle begin to break downtelophase
100%
uncontrolled cell death, for example as a result of injurynecrosis
67%
the protein securin halts anaphase until the sister chromatids are ready to be pulled apart, what is the name of the protein complex that destroys securin allowing for anaphase to commence ?anaphase- promoting
33%
Autophagy is usually used in periods of stress (nutrient scarcity) , this is because apoptosis uses ...ATP
33%
cell death, cell 'eats' itselfautophagy
33%
by what process do mitochondria replicate ?binary fission
33%
during prophase the protein complexes that help chromatin be condensed into chromosomes are called ........condensins
33%
what is the name of the pads that form on the centromere of chromosomes during prometaphase, allowing for the microtubules to bindkinetochores
33%
at what stage of interphase are 92 chromosomes formed (still in chromatin form)S phase
33%

Score Distribution

Percentile by Number Answered

Percent of People with Each Score

Your Score History

You have not taken this quiz